[Event "BCF-chT 0405 (4NCL)"]
[Site "West Bromwich"]
[Date "2005.04.30"]
[Round "9.8"]
[White "Ashby, Ann Marie"]
[Black "Evans, Debbie"]
[Result "1-0"]
[WhiteElo "2079"]
[BlackElo "1995"]
[PlyCount "66"]
[EventDate "2004.09.18"]
[EventType "team"]
[EventRounds "11"]
[EventCountry "ENG"]
[SourceTitle "EXT 2006"]
[Source "ChessBase"]
[SourceDate "2005.11.24"]
[SourceVersion "1"]
[SourceVersionDate "2005.11.24"]
[SourceQuality "1"]
[WhiteTeam "Bristol"]
[BlackTeam "Warwicks Select"]
[WhiteTeamCountry "ENG"]
[BlackTeamCountry "ENG"]

1. e4 c5 2. c3 e6 3. d4 d5 4. exd5 exd5 5. Nf3 Nc6 6. Bb5 a6 7. Bxc6+ bxc6 8. 0-0 Bd6 9. Re1+ Ne7 10. dxc5 Bxc5 11. Bf4 0-0 12. Ne5 Bf5 13. Nd3 Bd6 14. Bxd6 Qxd6 15. Qe2 Ng6 16. Nd2 h5 17. Nb3 Bg4 18. Qd2 Qf6 19. Nbc5 Rfd8 20. Rac1 h4 21. h3 Bf5 22. Nb7 Rdb8 23. Nbc5 Qd6 24. Re2 Rb5 25. b4 a5 26. Rce1 Rbb8 27. Qg5 Bxd3 28. Nxd3 axb4 29. cxb4 Ra3 30. Re8+ Rxe8 31. Rxe8+ Nf8 32. Qe5 Qg6 33. Qe7 Qxd3 1-0

[Event "BCF-chT2 0304 (4NCL)"]
[Site "West Bromwich"]
[Date "2004.05.23"]
[Round "11.8"]
[White "Ashby, Ann Marie"]
[Black "Norman, Dinah M"]
[Result "1-0"]
[WhiteElo "2082"]
[BlackElo "2022"]
[PlyCount "113"]
[EventDate "2003.11.17"]
[EventType "team"]
[EventRounds "11"]
[EventCountry "ENG"]
[SourceTitle "EXT 2005"]
[Source "ChessBase"]
[SourceDate "2004.11.15"]
[SourceVersion "1"]
[SourceVersionDate "2004.11.15"]
[SourceQuality "1"]
[WhiteTeam "Bristol"]
[BlackTeam "Wessex"]
[WhiteTeamCountry "ENG"]
[BlackTeamCountry "ENG"]

1. e4 c6 2. d4 d5 3. Nc3 dxe4 4. Nxe4 Nd7 5. Ng5 Ngf6 6. Bd3 e6 7. N1f3 Bd6 8. Qe2 Qe7 9. Ne5 0-0 10. Bd2 c5 11. Nxd7 Qxd7 12. dxc5 Bxc5 13. 0-0-0 Qc7 14. Kb1 Bd7 15. Bc3 h6 16. Bxf6 gxf6 17. Nh7 Be7 18. Qg4+ Kh8 19. Nxf6 Bc6 20. Qd4 e5 21. Qh4 Kg7 22. Nh5+ Kh8 23. Qg4 Rg8 24. Qf5 e4 25. Bxe4 Bxe4 26. Qxe4 Rg5 27. Qd4+ Kg8 28. Nf6+ Bxf6 29. Qxf6 Rc8 30. c3 Rg6 31. Qf5 Rd8 32. Qf3 Rxd1+ 33. Rxd1 Kg7 34. g3 b6 35. Qa8 Qc5 36. Rd2 Qf5+ 37. Kc1 a5 38. Qd5 Qh3 39. Qe5+ Kh7 40. f4 Re6 41. Qb5 Re1+ 42. Kc2 Qe6 43. Qd3+ Kg7 44. Qd5 Qg6+ 45. f5 Qg5 46. Qd4+ Kh7 47. g4 Qh4 48. Qxb6 Qxg4 49. Qxa5 Qe4+ 50. Kb3 Rf1 51. Qd5 Qe7 52. Qb5 Re1 53. Qb6 Qe4 54. Qb5 Qf4 55. Qd7 Qb8+ 56. Kc2 Qf8 57. f6 1-0

[Event "BCF-chT2 0304 (4NCL)"]
[Site "West Bromwich"]
[Date "2004.03.20"]
[Round "5.8"]
[White "Longson, Sarah N"]
[Black "Ashby, Ann Marie"]
[Result "0-1"]
[WhiteElo "1891"]
[BlackElo "2082"]
[PlyCount "64"]
[EventDate "2003.11.17"]
[EventType "team"]
[EventRounds "11"]
[EventCountry "ENG"]
[SourceTitle "EXT 2005"]
[Source "ChessBase"]
[SourceDate "2004.11.15"]
[SourceVersion "1"]
[SourceVersionDate "2004.11.15"]
[SourceQuality "1"]
[WhiteTeam "Mindsports"]
[BlackTeam "Bristol"]
[WhiteTeamCountry "ENG"]
[BlackTeamCountry "ENG"]

1. e4 e5 2. Bc4 Nf6 3. d3 Nc6 4. Nf3 Be7 5. 0-0 0-0 6. Re1 d6 7. h3 Na5 8. Nbd2 a6 9. a4 Nxc4 10. Nxc4 Re8 11. d4 exd4 12. Qxd4 d5 13. exd5 Qxd5 14. Bg5 Be6 15. Ne3 Qa5 16. Nc4 Qb4 17. Nce5 h6 18. Bd2 Qxd4 19. Nxd4 Rad8 20. Bc3 Bd5 21. Nf5 Bf8 22. Rad1 Be6 23. Nd4 Bc8 24. b3 Nd5 25. Bb2 Bb4 26. Rf1 Bc3 27. Nd3 c5 28. Nf3 Bf5 29. Nfe1 Bxb2 30. Nxb2 Nb4 31. Nbd3 Nxc2 32. Nxc5 Rxd1 0-1

[Event "BCF-chT2 0304 (4NCL)"]
[Site "West Bromwich"]
[Date "2004.01.18"]
[Round "4.8"]
[White "Ashby, Ann Marie"]
[Black "MacKenzie, Colin"]
[Result "1/2-1/2"]
[WhiteElo "2082"]
[BlackElo "2147"]
[PlyCount "58"]
[EventDate "2003.11.17"]
[EventType "team"]
[EventRounds "11"]
[EventCountry "ENG"]
[SourceTitle "EXT 2005"]
[Source "ChessBase"]
[SourceDate "2004.11.15"]
[SourceVersion "1"]
[SourceVersionDate "2004.11.15"]
[SourceQuality "1"]
[WhiteTeam "Bristol"]
[BlackTeam "Kings Head"]
[WhiteTeamCountry "ENG"]
[BlackTeamCountry "ENG"]

1. e4 e6 2. d4 d5 3. Nc3 Bb4 4. Qd3 dxe4 5. Qxe4 Nf6 6. Qh4 Nd5 7. Qxd8+ Kxd8 8. Bd2 Nxc3 9. bxc3 Ba3 10. Nf3 f6 11. Bc4 Re8 12. 0-0 Nd7 13. Rad1 Nb6 14. Bd3 g6 15. Rfe1 Bd7 16. c4 c5 17. Ba5 cxd4 18. Nxd4 Ke7 19. Rb1 Bc5 20. Nb3 Na4 21. Be4 Rab8 22. Red1 b6 23. Nxc5 Nxc5 24. Bb4 Red8 25. Rd3 Be8 26. g3 Kf7 27. Rxd8 Rxd8 28. Bxc5 bxc5 29. Kf1 f5 1/2-1/2

[Event "BCF-chT2 0304 (4NCL)"]
[Site "West Bromwich"]
[Date "2004.01.17"]
[Round "3.8"]
[White "Aarons, Poppy J"]
[Black "Ashby, Ann Marie"]
[Result "0-1"]
[WhiteElo "1884"]
[BlackElo "2082"]
[PlyCount "36"]
[EventDate "2003.11.17"]
[EventType "team"]
[EventRounds "11"]
[EventCountry "ENG"]
[SourceTitle "EXT 2005"]
[Source "ChessBase"]
[SourceDate "2004.11.15"]
[SourceVersion "1"]
[SourceVersionDate "2004.11.15"]
[SourceQuality "1"]
[WhiteTeam "Poisoned Pawns"]
[BlackTeam "Bristol"]
[WhiteTeamCountry "ENG"]
[BlackTeamCountry "ENG"]

1. e4 e5 2. f4 Nc6 3. Nf3 f5 4. d3 d6 5. Nc3 Nf6 6. fxe5 dxe5 7. Bg5 Be7 8. a3 0-0 9. Qd2 a6 10. h4 Ng4 11. Nd5 Bxg5 12. hxg5 Nd4 13. Be2 c6 14. Nc3 Ne3 15. Bd1 f4 16. Nxe5 Qxg5 17. Rh5 Qg3+ 18. Qf2 Ndxc2+ 0-1

[Event "BCF-chT 9798 (4NCL)"]
[Site "England"]
[Date "1998.05.25"]
[Round "11.8"]
[White "Anderton, David William"]
[Black "Ashby, Ann Marie"]
[Result "1-0"]
[WhiteElo "2200"]
[BlackElo "2115"]
[PlyCount "43"]
[EventDate "1997.11.??"]
[EventType "team"]
[EventRounds "11"]
[EventCountry "ENG"]
[SourceTitle "CBM 064 Extra"]
[Source "ChessBase"]
[SourceDate "1998.07.07"]
[SourceVersion "1"]
[SourceVersionDate "1998.07.07"]
[SourceQuality "1"]
[WhiteTeam "BCM"]
[BlackTeam "Guildford"]
[WhiteTeamCountry "ENG"]
[BlackTeamCountry "ENG"]

1. d4 e6 2. c4 Nf6 3. Nc3 Bb4 4. e3 c5 5. Bd3 0-0 6. Nge2 d5 7. cxd5 cxd4 8. exd4 Nxd5 9. 0-0 Nc6 10. Bc2 Re8 11. Qd3 g6 12. Bb3 Bf8 13. Qf3 Nxc3 14. bxc3 Bg7 15. Ng3 Na5 16. Ne4 h6 17. Ba3 Nxb3 18. axb3 Qd5 19. Nf6+ Bxf6 20. Qxf6 Qxb3 21. Bc1 Kh7 22. Qxf7+ 1-0

[Event "Hastings Masters"]
[Site "Hastings"]
[Date "1995.??.??"]
[Round "1"]
[White "Ashby, Ann Marie"]
[Black "Roberts, Paul"]
[Result "1/2-1/2"]
[WhiteElo "2090"]
[BlackElo "2215"]
[PlyCount "119"]
[EventDate "1995.08.??"]
[EventType "swiss"]
[EventRounds "9"]
[EventCountry "ENG"]
[SourceTitle "CBM 048 Extra"]
[Source "ChessBase"]
[SourceDate "1995.11.01"]
[SourceVersion "1"]
[SourceVersionDate "1995.11.01"]
[SourceQuality "1"]

1. e4 c5 2. Nc3 e6 3. g3 Nc6 4. Bg2 Nf6 5. f4 d5 6. d3 dxe4 7. Nxe4 Be7 8. Nf3 Nxe4 9. dxe4 Qxd1+ 10. Kxd1 e5 11. Nxe5 Nxe5 12. fxe5 Bg4+ 13. Ke1 0-0-0 14. Be3 Rd7 15. h3 Be6 16. b3 c4 17. Ke2 b6 18. Rad1 Rc7 19. Bf3 Bb4 20. Bd2 Bxd2 21. Rxd2 Rc5 22. Rd4 cxb3 23. cxb3 Rd8 24. Rxd8+ Kxd8 25. Kd3 Rxe5 26. g4 f6 27. Rc1 Kd7 28. Kd4 Ra5 29. Rc2 Kd6 30. Be2 Rc5 31. Rxc5 bxc5+ 32. Ke3 g5 33. Bd3 Ke5 34. Be2 Bd7 35. a3 a5 36. Bc4 Bc6 37. Bd3 a4 38. bxa4 Bxa4 39. Bc4 h6 40. Bd3 Bb3 41. Bb5 Bc2 42. Bc6 c4 43. Kd2 Bd3 44. Kc3 Kd6 45. Bd5 Kc5 46. a4 Bf1 47. a5 Bxh3 48. a6 Kb6 49. Bxc4 Bxg4 50. Kd4 Bf3 51. e5 fxe5+ 52. Kxe5 h5 53. Kf5 h4 54. Bf1 g4 55. Kf4 Bd1 56. Bd3 g3 57. Bf1 Be2 58. Bg2 Bxa6 59. Kg4 Bb7 60. Kxh4 1/2-1/2

[Event "Hastings Masters"]
[Site "Hastings"]
[Date "1995.??.??"]
[Round "6"]
[White "Ashby, Ann Marie"]
[Black "Tebb, David"]
[Result "1/2-1/2"]
[WhiteElo "2090"]
[BlackElo "2315"]
[PlyCount "34"]
[EventDate "1995.08.??"]
[EventType "swiss"]
[EventRounds "9"]
[EventCountry "ENG"]
[SourceTitle "CBM 048 Extra"]
[Source "ChessBase"]
[SourceDate "1995.11.01"]
[SourceVersion "1"]
[SourceVersionDate "1995.11.01"]
[SourceQuality "1"]

1. e4 e5 2. d4 exd4 3. Qxd4 Nc6 4. Qe3 Nf6 5. Nc3 Nb4 6. Bd3 d5 7. exd5+ Qe7 8. Nge2 Qxe3 9. Bxe3 Nfxd5 10. Nxd5 Nxd5 11. Bd2 Nb4 12. Be4 f5 13. a3 Na6 14. Bf3 Be7 15. 0-0 c6 16. Bc3 0-0 17. Rfe1 Kf7 1/2-1/2

[Event "Hastings Masters"]
[Site "Hastings"]
[Date "1995.??.??"]
[Round "9"]
[White "Steffens, Olaf"]
[Black "Ashby, Ann Marie"]
[Result "1-0"]
[WhiteElo "2330"]
[BlackElo "2090"]
[PlyCount "129"]
[EventDate "1995.08.??"]
[EventType "swiss"]
[EventRounds "9"]
[EventCountry "ENG"]
[SourceTitle "CBM 048 Extra"]
[Source "ChessBase"]
[SourceDate "1995.11.01"]
[SourceVersion "1"]
[SourceVersionDate "1995.11.01"]
[SourceQuality "1"]

1. b4 e5 2. a3 g6 3. Bb2 Bg7 4. e3 Ne7 5. Nf3 d6 6. c4 0-0 7. Nc3 f5 8. d4 e4 9. Nd2 Nd7 10. Qb3 Nf6 11. Be2 h6 12. f3 f4 13. Ncxe4 Nf5 14. Nf1 Nxe4 15. fxe4 Qh4+ 16. Kd1 Ng3 17. hxg3 Qxh1 18. gxf4 Qxg2 19. Nd2 h5 20. c5+ Kh7 21. Nf3 Bg4 22. Ng5+ Kh6 23. Bxg4 Qxg4+ 24. Kd2 Bf6 25. Ne6 Rf7 26. e5 dxe5 27. dxe5 Rd7+ 28. Bd4 Bh4 29. Kc3 Re8 30. c6 bxc6 31. Nc5 Rd5 32. Qa4 Rxd4 33. exd4 Qxf4 34. Qxc6 Qe3+ 35. Kc4 Qe2+ 36. Kb3 Re7 37. Ka4 Qc2+ 38. Kb5 Qe2+ 39. Ka4 Qc2+ 40. Kb5 Qe2+ 41. Ka5 Qb2 42. Rg1 Qxa3+ 43. Kb5 Rg7 44. Qe4 Be7 45. e6 c6+ 46. Qxc6 Bxc5 47. Qxc5 Qd3+ 48. Kc6 Qa6+ 49. Kd5 Qa2+ 50. Qc4 Qf2 51. Qf1 Qa2+ 52. Ke5 a5 53. Rg2 Qb3 54. Qf4+ Kh7 55. d5 axb4 56. d6 Ra7 57. Re2 Ra5+ 58. Kf6 Qc3+ 59. Re5 Rxe5 60. Qxe5 Qf3+ 61. Ke7 Kg8 62. Qf6 Qb7+ 63. d7 b3 64. Qxg6+ Kh8 65. Kf7 1-0